Guess The F1 Pilots (Sudden Death) - Statistics

General Stats
  • This quiz has been taken 202 times
  • The average score is 6 of 14
Answers on the Grid
Answers color-coded by a green-red scale on the quiz's grid according to % correct below.
Arthur Leclerc
Rolf Schumacher
Lewis Hamilton
Jos Verstappen
Jan Magnussen
Gerd Hill
Liam Lawson
Gerhard Burger
Leonard Liuzii
Jarno Trulli
Christiano Ronaldo
Guido Van Der Garde
Michael Schumacher
Charles Pic
Franko Colahpinto
Kaje MG
Ayrton Senna
Alain Prost
Juan Manuel Fungio
Mika Hackkinen
Kimi Räikkönen
Nico Hülkenberg
Sebastian Fettel
Marc Ericcson
Kamui Kobayashi
Brent Hartley
Sergio Sirotkin
Daniil Ricciardo
Alexandro Albon
Lando Norris
 
Answer Stats
Answer % Correct
Lewis Hamilton
77%
Liam Lawson
65%
Jos Verstappen
64%
Michael Schumacher
61%
Ayrton Senna
52%
Alain Prost
46%
Kimi Räikkönen
44%
Lando Norris
44%
Nico Hülkenberg
37%
Jarno Trulli
34%
Jan Magnussen
32%
Kamui Kobayashi
19%
Charles Pic
18%
Guido Van Der Garde
13%
No matching quizzes found
Score Distribution
Percent of People with Each Score
Percentile by Number Answered
Your Score History
You have not taken this quiz